• 首页
  • 本馆介绍
  • 公告通知
  • 最新文献
  • 馆藏检索
  • 电子资源
  • 读者导购
  • 参考咨询
  • 我的图书馆
  • 登录
  • 详细信息显示
  • 放入我的书架
  • 预约/预借图书
  • 作者相关作品
  • 分类相关作品
  • 丛书相关作品
  • 出版社相关作品

书目信息

  • 表格格式
  • 工作单格式
  • 卡片格式
题名:
心灵的七种兵器
    
 
作者: 武志红 著
分册:  
出版信息: 北京   世界图书出版公司北京公司  2008
页数: 204页
开本: 24cm
丛书名:
单 册:
中图分类: R395.6-49
科图分类:
主题词: 心理保健--通俗读物 , 心理保健
电子资源:
ISBN: 978-7-5062-8759-3
000 00788nam0 2200241 45
005 20100303151513.95
010    @a978-7-5062-8759-3@dCNY22.00
100    @a20100121e20092008ekmy0chiy0120 ea
101 0  @achi
102    @aCN@b110000
105    @aa z 000yy
106    @ar
200 1  @a心灵的七种兵器@AXin Ling De Qi Zhong Bing Qi@f武志红著@FWu Zhi Hong Zhu
210    @a北京@c世界图书出版公司北京公司@d2008@h2009
215    @a204页@c图@d24cm
300    @a武志红的心理沫沫茶
330    @a本书包括了“坏习惯不是你的敌人”、“带着心理问题去积极生活”、“超越挫折:变逆境为机遇”等内容。
606 0  @a心理保健@j通俗读物
606 0  @a心理保健
690    @aR395.6-49@v4
701  0 @a武志红@AWu Zhi Hong@4著
801  0 @aCN@bTANGWEI@c20100303
905    @b0585393-97@dR395.6-49@e197@f5
    
    心灵的七种兵器/武志红著.-北京:世界图书出版公司北京公司,2008(2009)
    204页:图;24cm
    武志红的心理沫沫茶
    
    ISBN 978-7-5062-8759-3:CNY22.00
    本书包括了“坏习惯不是你的敌人”、“带着心理问题去积极生活”、“超越挫折:变逆境为机遇”等内容。
●
相关链接 在E读中查询图书 在五车中查询图书 在当当中查询图书 在豆瓣中查询图书


正题名:心灵的七种兵器     索取号:R395.6-49/197         预约/预借

序号 登录号 条形码 馆藏地/架位号 状态 备注
1 0585393   205853931   第二样本阅览室/ [索取号:R395.6-49/197] 在馆    
2 0585394   205853940   教育系资料室/ [索取号:R395.6-49/197] 在馆    
3 0585395   205853959   教育系资料室/ [索取号:R395.6-49/197] 在馆    
4 0585396   205853968   教育系资料室/ [索取号:R395.6-49/197] 在馆    
5 0585397   205853977   第三借阅区/ [索取号:R395.6-49/197] 在馆    
唐山师范学院图书馆 欢迎您!
大连网信软件有限公司© 版权所有